[Event "ARG-chT"]
[Site "Villa Martelli"]
[Date "2018.07.14"]
[Round "2.1"]
[White "Benigni, Daniel"]
[Black "Bulcourf, Carlos"]
[Result "1-0"]
[WhiteElo "2226"]
[BlackElo "1987"]
[PlyCount "95"]
[EventDate "2018.07.07"]
[EventType "team-swiss"]
[EventRounds "9"]
[EventCountry "ARG"]
[SourceTitle "CBM 187 Extra"]
[Source "ChessBase"]
[SourceDate "2018.11.04"]
[SourceVersion "1"]
[SourceVersionDate "2018.11.04"]
[SourceQuality "1"]
[WhiteTeam "Tren Verde"]
[BlackTeam "San Isidro"]
[WhiteTeamCountry "ARG"]
[BlackTeamCountry "ARG"]

1. Nf3 Nf6 2. c4 c6 3. Nc3 d5 4. d4 Bf5 5. cxd5 Nxd5 6. e3 e6 7. Bc4 Nd7 8. 0-0 N7b6 9. Bb3 Be7 10. Qe2 Bg6 11. e4 Nxc3 12. bxc3 0-0 13. Ne5 Nd7 14. Nxg6 hxg6 15. Be3 Qa5 16. Rac1 Nf6 17. f3 Rad8 18. Rfd1 e5 19. Qf2 Ba3 20. Rc2 Rd6 21. Rb1 Rfd8 22. Qg3 Nd7 23. f4 exd4 24. cxd4 Nf8 25. d5 cxd5 26. Bxd5 b6 27. Qe1 Qxe1+ 28. Rxe1 Ne6 29. Kf1 Bb4 30. Rec1 Bc5 31. Ke2 Bxe3 32. Kxe3 Nc5 33. Rd2 Kf8 34. Rcd1 Ke7 35. g3 Ne6 36. Bb3 Nd4 37. Rxd4 Rxd4 38. Rxd4 Rc8 39. Rc4 Rxc4 40. Bxc4 f6 41. Kd4 Kd6 42. e5+ Kc6 43. a4 g5 44. Bb5+ Kc7 45. Kd5 gxf4 46. gxf4 fxe5 47. fxe5 g5 48. e6 1-0

[Event "ARG-chT"]
[Site "Villa Martelli"]
[Date "2016.10.29"]
[Round "6.9"]
[White "Benigni, Daniel"]
[Black "Bosco, Giuliana"]
[Result "1-0"]
[WhiteElo "2230"]
[BlackElo "1516"]
[PlyCount "45"]
[EventDate "2016.09.24"]
[EventType "team-swiss"]
[EventRounds "9"]
[EventCountry "ARG"]
[SourceTitle "EXT 2018"]
[Source "ChessBase"]
[SourceDate "2017.10.13"]
[SourceVersion "1"]
[SourceVersionDate "2017.10.13"]
[SourceQuality "1"]
[WhiteTeam "Tren Verde"]
[BlackTeam "La Torre del Castillo"]
[WhiteTeamCountry "ARG"]
[BlackTeamCountry "ARG"]

1. d4 Nf6 2. Nf3 g6 3. Bg5 Bg7 4. Nbd2 d6 5. e4 Nbd7 6. c3 0-0 7. Be2 c5 8. 0-0 b6 9. Re1 Bb7 10. Bf1 Rc8 11. h3 Re8 12. e5 cxd4 13. exf6 Nxf6 14. cxd4 Nd5 15. Qb3 Qd7 16. Rac1 Kh8 17. Bb5 Bc6 18. Rxc6 Rxc6 19. Qxd5 Rec8 20. Qxf7 Qd8 21. Bxc6 Rxc6 22. Rxe7 Qf8 23. Re8 1-0

[Event "ARG-chT"]
[Site "Villa Martelli"]
[Date "2014.10.04"]
[Round "6.1"]
[White "Benigni, Daniel"]
[Black "Paveto, Kevin"]
[Result "0-1"]
[WhiteElo "2210"]
[BlackElo "2386"]
[PlyCount "66"]
[EventDate "2014.08.30"]
[EventType "team-tourn"]
[EventRounds "9"]
[EventCountry "ARG"]
[SourceTitle "EXT 2015"]
[Source "ChessBase"]
[SourceDate "2014.11.20"]
[SourceVersion "1"]
[SourceVersionDate "2014.11.20"]
[SourceQuality "1"]
[WhiteTeam "Tren Verde"]
[BlackTeam "Ushuaia Jaque Mate"]
[WhiteTeamCountry "ARG"]
[BlackTeamCountry "ARG"]

1. d4 Nf6 2. Nf3 g6 3. Bg5 Bg7 4. Nbd2 d5 5. e3 c5 6. c3 Nc6 7. Be2 0-0 8. 0-0 Qb6 9. Qb3 Qxb3 10. axb3 b6 11. Bb5 Bb7 12. dxc5 bxc5 13. Bxc6 Bxc6 14. Ra5 Rfc8 15. Rxc5 Nd7 16. Ra5 f6 17. Bh4 e5 18. Rfa1 Rc7 19. Ne1 Bf8 20. Nd3 Rb7 21. f3 e4 22. Ne1 g5 23. Bg3 Bc5 24. Nc2 Bb6 25. R5a2 exf3 26. gxf3 Re8 27. Bf2 Ne5 28. Nd4 Bd7 29. Kg2 h5 30. h4 Nd3 31. Rh1 g4 32. Rd1 gxf3+ 33. N2xf3 Bh3+ 0-1

[Event "LNA Puma Cup"]
[Site "Argentina"]
[Date "2007.08.11"]
[Round "1"]
[White "Benigni, Daniel"]
[Black "Harper, Horacio Guillermo"]
[Result "1-0"]
[WhiteElo "2211"]
[BlackElo "2120"]
[PlyCount "101"]
[EventDate "2007.08.11"]
[EventType "team"]
[EventRounds "9"]
[EventCountry "ARG"]
[SourceTitle "CBM 120 Extra"]
[Source "ChessBase"]
[SourceDate "2007.11.01"]
[SourceVersion "1"]
[SourceVersionDate "2007.11.01"]
[SourceQuality "1"]

1. Nf3 Nf6 2. c4 g6 3. Nc3 Bg7 4. g3 0-0 5. Bg2 d6 6. 0-0 a6 7. d4 Nc6 8. b3 Rb8 9. a4 a5 10. Ba3 Nb4 11. Re1 Nd7 12. Na2 Na6 13. Rc1 e5 14. dxe5 dxe5 15. Bxf8 Qxf8 16. Qc2 Ndc5 17. Rcd1 Qe7 18. Nd2 c6 19. Ne4 Nxe4 20. Bxe4 Nc5 21. Nc1 Nxe4 22. Qxe4 Bf5 23. Qe3 Qb4 24. Qd2 Bf8 25. Qb2 f6 26. Na2 Qb6 27. Qc3 Bc5 28. e3 Bg4 29. Rd2 Kg7 30. Kg2 e4 31. h3 Bf3+ 32. Kh2 h5 33. Rd7+ Kh6 34. Qxf6 Rf8 35. Qg7+ Kg5 36. Rxb7 Qd8 37. h4+ Kf5 38. Rf7+ Rxf7 39. Qxf7+ Ke5 40. Qg7+ Kf5 41. Qf7+ Ke5 42. Qxg6 Qd2 43. Qg5+ Ke6 44. Rf1 Ba3 45. Qg6+ Ke7 46. Qg7+ Ke6 47. Nc3 Qd3 48. Kg1 Bb2 49. Nxe4 Qxe4 50. Qxb2 Qg4 51. Kh2 1-0

[Event "Magistralito Najdorf U18"]
[Site "Buenos Aires"]
[Date "2002.10.07"]
[Round "4.5"]
[White "Benigni, Daniel"]
[Black "Garcia Campitelli, Gonzalo"]
[Result "1-0"]
[WhiteElo "2211"]
[BlackElo "2111"]
[PlyCount "59"]
[EventDate "2002.10.06"]
[EventType "swiss"]
[EventRounds "7"]
[EventCountry "ARG"]
[SourceTitle "CBM 090 Extra"]
[Source "ChessBase"]
[SourceDate "2002.11.07"]
[SourceVersion "1"]
[SourceVersionDate "2002.11.07"]
[SourceQuality "1"]

1. d4 d5 2. Nf3 c5 3. e3 Nf6 4. c4 e6 5. Nc3 cxd4 6. exd4 Be7 7. Bd3 0-0 8. 0-0 a6 9. c5 b6 10. b4 a5 11. Na4 Nfd7 12. a3 bxc5 13. bxc5 Ba6 14. Bf4 Nc6 15. Rb1 Bxd3 16. Qxd3 g5 17. Bd2 g4 18. Ne1 e5 19. Bh6 Re8 20. Qf5 Bf6 21. Qxg4+ Kh8 22. dxe5 Ndxe5 23. Qh5 Qe7 24. Nc2 d4 25. Rfe1 Qa7 26. Qf5 Re6 27. f4 d3 28. Ne3 Nd4 29. Qh3 d2 30. Red1 1-0

[Event "Juveniles-Resto del Circulo m"]
[Site "Buenos Aires"]
[Date "2002.03.31"]
[Round "1.3"]
[White "Benigni, Daniel"]
[Black "Rey, Alejandro"]
[Result "1/2-1/2"]
[WhiteElo "2146"]
[BlackElo "2180"]
[PlyCount "28"]
[EventDate "2002.03.31"]
[EventType "team"]
[EventRounds "1"]
[EventCountry "ARG"]
[SourceTitle "EXT 2005"]
[Source "ChessBase"]
[SourceDate "2004.11.15"]
[SourceVersion "1"]
[SourceVersionDate "2004.11.15"]
[SourceQuality "1"]

1. d4 Nf6 2. Nf3 d6 3. Bg5 g6 4. Nbd2 Bg7 5. e4 c6 6. c3 Nbd7 7. Bc4 d5 8. Bd3 dxe4 9. Nxe4 Nxe4 10. Bxe4 Nf6 11. Bc2 Bg4 12. h3 Bxf3 13. Qxf3 Qd5 14. Qxd5 Nxd5 1/2-1/2

[Event "Torre Blanca Mar 02"]
[Site "Buenos Aires"]
[Date "2002.03.25"]
[Round "7"]
[White "Stratta, Rodolfo"]
[Black "Benigni, Daniel"]
[Result "0-1"]
[WhiteElo "2130"]
[BlackElo "2146"]
[PlyCount "78"]
[EventDate "2002.03.??"]
[EventType "swiss"]
[EventRounds "7"]
[EventCountry "ARG"]
[SourceTitle "EXT 2005"]
[Source "ChessBase"]
[SourceDate "2004.11.15"]
[SourceVersion "1"]
[SourceVersionDate "2004.11.15"]
[SourceQuality "1"]

1. e4 c5 2. c3 Nf6 3. d3 Nc6 4. Nf3 d6 5. Be2 g6 6. 0-0 Bg7 7. Be3 0-0 8. Nbd2 e5 9. Ne1 b6 10. f4 exf4 11. Bxf4 Ne8 12. Bf3 Be6 13. Qe2 Rc8 14. Nc2 Nc7 15. Ne3 Re8 16. Bg4 Ne5 17. Ndc4 b5 18. Nxe5 dxe5 19. Bg3 Qd7 20. Rad1 Rf8 21. Bxe6 Qxe6 22. a4 f5 23. Nc2 a6 24. axb5 axb5 25. Kh1 Ra8 26. exf5 gxf5 27. d4 cxd4 28. cxd4 f4 29. Be1 exd4 30. Qf3 Qc4 31. Nb4 Rae8 32. Bd2 Qe2 33. Rfe1 Qxd2 34. Qb3+ Kh8 35. Rxe8 Rxe8 36. h3 Re1+ 37. Rxe1 Qxe1+ 38. Kh2 Be5 39. Nd3 Qg3+ 0-1

[Event "Torre Blanca-A"]
[Site "Buenos Aires"]
[Date "2002.02.23"]
[Round "9"]
[White "Benigni, Daniel"]
[Black "Mazziotti Irigoyen, Gabriel"]
[Result "1/2-1/2"]
[WhiteElo "2146"]
[BlackElo "2171"]
[PlyCount "53"]
[EventDate "2002.02.05"]
[EventType "tourn"]
[EventRounds "11"]
[EventCountry "ARG"]
[SourceTitle "EXT 2003"]
[Source "ChessBase"]
[SourceDate "2002.11.25"]
[SourceVersion "1"]
[SourceVersionDate "2002.11.25"]
[SourceQuality "1"]

1. d4 d5 2. c4 dxc4 3. e3 e5 4. Bxc4 exd4 5. exd4 Nf6 6. Nc3 c6 7. Nge2 b5 8. Bd3 Be7 9. h3 Bb7 10. 0-0 Nbd7 11. Ng3 0-0 12. Nf5 Re8 13. Qf3 Bf8 14. Nxb5 Nc5 15. Nbd6 Bxd6 16. dxc5 Bxc5 17. Bc4 Bc8 18. Qxc6 Bxf2+ 19. Rxf2 Bxf5 20. Bg5 Rc8 21. Bxf6 gxf6 22. Qd5 Qxd5 23. Bxd5 Re5 24. Bb3 Kg7 25. Rd1 Rc7 26. Rfd2 Rce7 27. Kf2 1/2-1/2

[Event "Torre Blanca-A"]
[Site "Buenos Aires"]
[Date "2002.02.14"]
[Round "5"]
[White "Pedro, Fernando Pablo"]
[Black "Benigni, Daniel"]
[Result "1/2-1/2"]
[WhiteElo "2193"]
[BlackElo "2146"]
[PlyCount "45"]
[EventDate "2002.02.05"]
[EventType "tourn"]
[EventRounds "11"]
[EventCountry "ARG"]
[SourceTitle "EXT 2003"]
[Source "ChessBase"]
[SourceDate "2002.11.25"]
[SourceVersion "1"]
[SourceVersionDate "2002.11.25"]
[SourceQuality "1"]

1. e4 c6 2. d4 d5 3. Nc3 dxe4 4. Nxe4 Nf6 5. Nxf6+ exf6 6. c3 Bd6 7. Bd3 0-0 8. Ne2 Re8 9. 0-0 Qc7 10. Ng3 Nd7 11. f4 c5 12. Ne4 cxd4 13. Nxd6 Qxd6 14. Bc2 Nf8 15. Qxd4 Qxd4+ 16. cxd4 Bd7 17. Bd2 Bc6 18. Rad1 Re2 19. Rf2 Rxf2 20. Kxf2 Ne6 21. Be3 Nc7 22. Bb3 Nd5 23. Bxd5 1/2-1/2

[Event "Buenos Aires CC Argentino-ch Superior"]
[Site "Buenos Aires"]
[Date "2001.12.03"]
[Round "1"]
[White "Benigni, Daniel"]
[Black "Converset, Juan Jose"]
[Result "0-1"]
[WhiteElo "2128"]
[BlackElo "2245"]
[PlyCount "86"]
[EventDate "2001.12.03"]
[EventType "swiss"]
[EventRounds "9"]
[EventCountry "ARG"]
[SourceTitle "EXT 2003"]
[Source "ChessBase"]
[SourceDate "2002.11.25"]
[SourceVersion "1"]
[SourceVersionDate "2002.11.25"]
[SourceQuality "1"]

1. d4 Nf6 2. Nf3 g6 3. g3 Bg7 4. Bg2 0-0 5. 0-0 d6 6. c4 c6 7. Nc3 Qb6 8. e4 Bg4 9. h3 Bxf3 10. Bxf3 Nfd7 11. d5 Qa6 12. Be2 Nc5 13. Qc2 Nbd7 14. f3 Bd4+ 15. Kg2 Qb6 16. Rd1 e5 17. dxe6 Nxe6 18. Bh6 Rfe8 19. Rab1 a5 20. h4 Nf6 21. Na4 Qa7 22. Rd2 Nh5 23. f4 Be3 24. Rxd6 Nd4 25. Qd3 Nxe2 26. Qxe2 Rxe4 27. Qd3 Rd4 28. Rxd4 Qxd4 29. Qxd4 Bxd4 30. Rd1 c5 31. Re1 Nf6 32. Re7 Ng4 33. Bg5 f6 34. Kf3 h5 35. Nb6 Rd8 36. b3 fxg5 37. hxg5 Bg7 38. Nd5 b5 39. Ra7 bxc4 40. bxc4 Re8 41. Rxa5 Nh2+ 42. Kg2 Re2+ 43. Kh3 Ng4 0-1

[Event "Buenos Aires Najdorf op U18"]
[Site "Buenos Aires"]
[Date "2001.09.02"]
[Round "6"]
[White "Benigni, Daniel"]
[Black "Claverie, Raul Ricardo"]
[Result "1/2-1/2"]
[WhiteElo "2128"]
[BlackElo "2274"]
[PlyCount "40"]
[EventDate "2001.08.31"]
[EventType "swiss"]
[EventRounds "7"]
[EventCountry "ARG"]
[SourceTitle "EXT 2002"]
[Source "ChessBase"]
[SourceDate "2001.11.25"]
[SourceVersion "1"]
[SourceVersionDate "2001.11.25"]
[SourceQuality "1"]

1. d4 f5 2. g3 Nf6 3. Bg2 e6 4. Nf3 d5 5. 0-0 c6 6. c4 Bd6 7. b3 Qe7 8. Bb2 0-0 9. Nbd2 Nbd7 10. Ne5 Ne4 11. Nd3 b6 12. Nf3 Bb7 13. Nfe5 Nxe5 14. dxe5 Ba3 15. Bxa3 Qxa3 16. Qc1 Qe7 17. f3 Ng5 18. c5 Nf7 19. f4 Kh8 20. a4 g5 1/2-1/2

[Event "Buenos Aires Najdorf op U18"]
[Site "Buenos Aires"]
[Date "2001.09.02"]
[Round "7"]
[White "Lujan, Carolina"]
[Black "Benigni, Daniel"]
[Result "0-1"]
[WhiteElo "2231"]
[BlackElo "2128"]
[PlyCount "65"]
[EventDate "2001.08.31"]
[EventType "swiss"]
[EventRounds "7"]
[EventCountry "ARG"]
[SourceTitle "EXT 2002"]
[Source "ChessBase"]
[SourceDate "2001.11.25"]
[SourceVersion "1"]
[SourceVersionDate "2001.11.25"]
[SourceQuality "1"]

1. e4 c5 2. Nf3 e6 3. d4 cxd4 4. Nxd4 Nf6 5. Nc3 Nc6 6. Ndb5 Bb4 7. Bf4 Nxe4 8. Nc7+ Ke7 9. Qd3 d5 10. Nxa8 e5 11. Bd2 Bxc3 12. Bxc3 Be6 13. f3 Nxc3 14. Qxc3 Qxa8 15. Qc5+ Kf6 16. c3 Rc8 17. Qe3 Qb8 18. Bd3 g6 19. 0-0 Kg7 20. Rfe1 f6 21. Bf1 Bf7 22. Qd3 Qc7 23. Kh1 Qb6 24. Qd2 Qc7 25. Rad1 Qb6 26. g3 Qa5 27. b3 Qa3 28. Bg2 Qc5 29. Rc1 Qa5 30. Qf2 f5 31. f4 e4 32. h3 Be6 33. g4 0-1